000 00347 a2200121 4500
001 ART_40859
005 20260410161821.0
008 260409a
245 1 0 _aBlanqueo
100 1 _aSemachowicz, Esteban D.
700 1 _aPampliega, Alejandro
773 0 _tDoctrina Penal Tributaria y Económica
_g- Nº 42 (dic. 2016)
_wREV4317
999 _c22382
_d22382